000 00343nam a2200145Ia 4500
005 20250323174857.0
008 240331s9999 xx 000 0 und d
082 _bPON
_a894
100 _aPonnampalam, M
245 0 _aPoriiyal ahappadda thesam
260 _aColombo
_bLuxshmi Achagam
_c2002
300 _a44 p.,
650 _aPoems
942 _cL
999 _c4072
_d4072